| 000 | 00853cam a22002653a 4500 | ||
|---|---|---|---|
| 001 | 1228 | ||
| 003 | PGUSA | ||
| 005 | 20140828082958.0 | ||
| 008 | 980301s1998||||xxu|||||s|||||000 | eng d | ||
| 040 |
_aPGUSA _beng |
||
| 042 | _adc | ||
| 050 | 4 | _aQH | |
| 100 | 1 |
_aDarwin, Charles, _d1809-1882 |
|
| 245 | 1 | 0 |
_aOn the Origin of Species By Means of Natural Selection : _bOr, the Preservation of Favoured Races in the Struggle for Life _h[electronic resource] / _cCharles Darwin |
| 260 |
_bProject Gutenberg, _c1998 |
||
| 500 | _aSee also PG#2009 for the 6th Edition | ||
| 506 | _aPublic domain in the USA. | ||
| 516 | _aElectronic text | ||
| 653 | _aNatural selection | ||
| 653 | _aEvolution (Biology) | ||
| 740 | 0 | _aOn the origin of species | |
| 830 | 0 |
_aProject Gutenberg _v1228 |
|
| 856 | 4 | 0 | _uhttp://www.gutenberg.org/ebooks/1228 |
| 942 | _cEB | ||
| 999 |
_c230576 _d230576 |
||